Teoría marxista de la economía campesina /
Saved in:
| Main Author: | |
|---|---|
| Format: | Text |
| Language: | Spanish |
| Published: |
México, D.F.:
Imprenta Juan Pablos,
1977
|
| Edition: | 2da edición |
| Tags: |
Add Tag
No Tags, Be the first to tag this record!
|
MARC
| LEADER | 00000 a a2200000 04500 | ||
|---|---|---|---|
| 001 | 22187 | ||
| 003 | cru CIDCACS/IIS | ||
| 005 | 20240821160602.0 | ||
| 008 | 240710b1977 mx ||||| |||| 00| 0 spa d | ||
| 020 | |a [Sin ISBN] | ||
| 040 | |a cru CIDCACS/IIS |b spa |c cru CIDCACS/IIS | ||
| 090 | |a 03.03.01 D542t | ||
| 100 | |a Polanco Díaz, Héctor | ||
| 245 | |a Teoría marxista de la economía campesina / |c Héctor Díaz Polanco |h [impreso] | ||
| 250 | |a 2da edición | ||
| 260 | |a México, D.F.: |b Imprenta Juan Pablos, |c 1977 | ||
| 300 | |a 182 páginas | ||
| 650 | 0 | 7 | |0 TESAUROS |2 TESAUROS |
| 942 | |2 z |c LI |h <script>document.querySelector('[id^="tag_090_subfield_a"]').value</script> |k 03.03.01 |m D542t |i 11016 |6 SCRIPTDOCUMENTQUERYSELECTORIDTAG_090_SUBFIELD_AVALUESCRIPT_11016 | ||
| 999 | |c 45900 |d 45900 | ||
